Blíž, než se zdá /
Rosie miluje práci v jezdeckých stájích i svůj domov, který sdílí společně s matkou, o niž s láskou pečuje. Nedokáže se však ubránit pocitu, že jí v životě něco schází. Když majitel celého areálu skončí v nemocnici, do vesničky na břehu jezera se po letech vrací jeho syn Oliver. A s ním i nepříjemné...
Uloženo v:
| Série: | Útěky do krajiny jezer,
část 2 |
|---|---|
| Hlavní autor: | |
| Médium: | E-kniha |
| Jazyk: | Czech |
| Vydáno: |
Praha :
Albatros Media a.s.,
2026
|
| Příbuzné jednotky: | Z cyklu::
Útěky do krajiny jezer |
| Tagy: |
Žádné tagy |
| LEADER | 01641nam a22002417i 4500 | ||
|---|---|---|---|
| 001 | 305194 | ||
| 007 | ta | ||
| 008 | 260601s2026 xr ||||| |||| 00| 0 cze d | ||
| 020 | |a 9788026760979 | ||
| 044 | |a xr | ||
| 100 | 1 | |a Redland, Jessica |4 aut | |
| 245 | 1 | 0 | |a Blíž, než se zdá / |c Redland, Jessica |
| 240 | 1 | 0 | |a The Breath of Fresh Air |
| 264 | 1 | |a Praha : |b Albatros Media a.s., |c 2026 | |
| 300 | |a 1 online zdroj (352 stran) | ||
| 336 | |a text |b txt |2 rdacontent | ||
| 337 | |a bez média |b n |2 rdamedia | ||
| 338 | |a online zdroj |b cr |2 rdacarrier | ||
| 520 | 2 | |a Rosie miluje práci v jezdeckých stájích i svůj domov, který sdílí společně s matkou, o niž s láskou pečuje. Nedokáže se však ubránit pocitu, že jí v životě něco schází. Když majitel celého areálu skončí v nemocnici, do vesničky na břehu jezera se po letech vrací jeho syn Oliver. A s ním i nepříjemné vzpomínky, které se Rosie snažila vytěsnit. Setkání je pro oba příležitostí k odpuštění a učinění zásadního rozhodnutí. Štěstí a láska se totiž často nachází mnohem blíž, než se na první pohled zdá. | |
| 787 | 0 | 8 | |g 2 |i Z cyklu: |t Útěky do krajiny jezer |
| 910 | |a RBIT002 | ||
| 998 | |d 427508 |a https://core.palmknihy.cz/api/books/427508/cover?tfv9or |b https://core.palmknihy.cz/api/books/427508/cover/400?tfv9or |c https://core.palmknihy.cz/api/books/427508/cover/50?tfv9or |e 2030-07-11 |g 352 |i 9788026760979 |j https://core.palmknihy.cz/api/books/427508/preview.epub |k https://core.palmknihy.cz/api/books/427508/preview.pdf |l |q 49 |r 1 |s https://www.palmknihy.cz/kniha/427508 |t ebook |y 2026 |z 1 |v Útěky do krajiny jezer |w 2 | ||
| 999 | |d 305192 | ||